00000000nam##2200000za#4500
0019.647382
003CaOODSP
00520200330130029
007ta
008150407|1999||||xxc|||||     f|0| 0 eng|d
020 |a0-662-27959-X
040 |aCaOODSP|beng
043 |an-cn---
0861 |aH49-122/1999E
1101 |aCanada.|bHealth Canada. |bHealth Protection Branch.
24512|aA selected, annotated bibliography of child maltreatment reporting by education professionals / |cby Valérie Gaston and Janis Sutherland. Issued by the Child Maltreatment Division, Bureau of Reproductive and Child Health.
260 |aOttawa - Ontario : |bHealth Canada. |c1999.
300 |av, 17p. ; |c28 cm.
563 |aSoftcover
590 |a99-33|b1999-08-20
69007|aViolence against children|2gcpds
7201 |aGaston, Valérie
7201 |aSutherland, Janis
77508|tBibliographie sélective et annotée sur le signalement par des professionnels de l'éducation de la maltraitance envers les enfants / |w(CaOODSP)9.680807
7760#|tA selected, annotated bibliography of child maltreatment reporting by education professionals / |w(CaOODSP)9.695416